Т. 2 : Технология и оборудование; Сварка и свариваемые материалы

Dades bibliogràfiques
Parent link:Сварка и свариваемые материалы: справочник в 3 томах/ под ред. В. М. Ямпольского. Т. 2 : Технология и оборудование.— , 1998
Idioma:rus
Publicat: 1998
Matèries:
Format: MixedMaterials Llibre
KOHA link:https://koha.lib.tpu.ru/cgi-bin/koha/opac-detail.pl?biblionumber=14392

MARC

LEADER 00000nam0a2200000 4500
001 14392
005 20231101204940.0
010 |a 5703812534 
035 |a (RuTPU)RU\TPU\book\14485 
035 |a BOOK00014554 
090 |a 14392 
100 |a 20011209d1998 km y0rusy50 ca 
101 0 |a rus 
102 |a RU 
105 |a a g 000zy 
200 0 |a Т. 2 : Технология и оборудование 
210 |d 1998 
215 |a 574 с.  |c ил. 
461 |t Сварка и свариваемые материалы  |o справочник в 3 томах  |f под ред. В. М. Ямпольского  |v Т. 2 : Технология и оборудование  |d 1998 
606 1 |a Сварочное производство  |2 stltpush  |3 (RuTPU)RU\TPU\subj\54028  |9 72190 
610 1 |a сварка 
610 1 |a свариваемые материалы 
610 1 |a технология 
610 1 |a оборудование 
610 1 |a термическая рука 
610 1 |a наплавка 
610 1 |a покрытия 
610 1 |a сварные соединения 
610 1 |a расчет 
610 1 |a справочники 
675 |a 621.791(035)  |v 3 
801 0 |a RU  |b 63413507  |c 20011209  |g PSBO 
801 2 |a RU  |b 63413507  |c 20201027  |g PSBO 
942 |c BK